Iwanami shōjiten keizaigaku,
Saved in:
| Other Authors: | |
|---|---|
| Format: | Book |
| Language: | Japanese |
| Published: |
Tokyo,
Iwanami Shoten,
1961.
|
| Edition: | Kaiteiban. |
| Subjects: | |
| Tags: |
Add Tag
No Tags, Be the first to tag this record!
|
| LEADER | 00750nam a2200229u 4500 | ||
|---|---|---|---|
| 001 | 007743370-X | ||
| 005 | 20024617115958.0 | ||
| 008 | 900817s1961 ja d d 000 0 jpn d | ||
| 035 | 0 | |a ocm22232905 | |
| 040 | |a WaU |c WaU |d *YNH* |d CStRLIN | ||
| 245 | 0 | 0 | |6 880-01 |a Iwanami shōjiten keizaigaku, |c Tsuru Shigeto hen. |
| 250 | |6 880-02 |a Kaiteiban. | ||
| 260 | |6 880-03 |a Tokyo, |b Iwanami Shoten, |c 1961. | ||
| 300 | |a 224 p. |b diagrs. |c 17 cm. | ||
| 650 | 0 | |a Economics |x Dictionaries |x Japanese. | |
| 700 | 1 | |6 880-04 |a Tsuru, Shigeto, |d 1912- | |
| 880 | 0 | 0 | |6 245-01 |a 岩波小辞典経済学, |c 都留重人編. |
| 880 | |6 250-02 |a 改訂版. | ||
| 880 | |6 260-03 |a 東京, |b 岩波書店, |c 1961. | ||
| 880 | 1 | |6 700-04 |a 都留重人 |d 1912- | |
| 988 | |a 20021214 | ||
| 906 | |0 OCLC | ||


